Wiltshire A-Z - Statistics

General Stats
  • This quiz has been taken 32 times
  • The average score is 13 of 26
Answer Stats
Hint Answer % Correct
S Iconic stone circle Stonehenge
100%
P Large plateau home to a military training ground Salisbury {Plain}
96%
T County town Trowbridge
93%
H Food produced via the Wiltshire cure Ham
89%
R Swindon landmark Magic {Roundabout}
89%
A The world's largest megalithic stone circle Avebury
86%
D Market town in the centre of the county Devizes
86%
G The Swindon Works was the central hub of this railway Great Western Railway
82%
L Stately home and safari park Longleat
82%
O Element discovered by Joseph Priestley in 1774 Oxygen
79%
K Canal that crosses the county, linking two rivers {Kennet} and Avon Canal
68%
W St Paul's architect born in East Knoyle Christopher Wren
46%
C Picture-postcard village in the northwest Castle Combe
39%
B Bird depicted on the county's flag Bustard
36%
M Nickname for someone from the county Moonraker
36%
E 878 battle in which Alfred the Great defeated the Vikings Battle of {Edington}
29%
X Making Plans for Nigel band from Swindon XTC
29%
U Village located, appropriately, near the source of the Avon Upavon
25%
I Ghost village on P evacuated during WWII Imber
21%
Z Village in the southwest named for willow trees Zeals
21%
Q Village located between Salisbury and Wilton Quidhampton
18%
N National Landscape in the northeast North Wessex Downs
14%
Y Art gallery in Salisbury Young Gallery
7%
F Estate once home to two massive stately homes Fonthill
4%
J Bevis author from Coate Richard Jefferies
4%
V Iron Age hillfort near S named for a Roman emperor Vespasian's Camp
4%
No matching quizzes found
Score Distribution
Percent of People with Each Score
Percentile by Number Answered
Your Score History
You have not taken this quiz